Ngôn ngữ học và văn học

Đã lưu trong:
Bibliografiske detaljer
Hovedforfatter: Bùi Đức Tịnh
Format: Bog
Sprog:Undetermined
Udgivet: Tp. HCM Văn Nghệ 1998
Fag:
Tags: Tilføj Tag
Ingen Tags, Vær først til at tagge denne postø!
Thư viện lưu trữ: Trung tâm Học liệu Trường Đại học Cần Thơ
LEADER 00496nam a2200169Ia 4500
001 CTU_34316
008 210402s9999 xx 000 0 und d
082 |a 808.04 
082 |b T312/T2 
100 |a Bùi Đức Tịnh 
245 0 |a Ngôn ngữ học và văn học 
245 0 |c Bùi Đức Tịnh 
260 |a Tp. HCM 
260 |b Văn Nghệ 
260 |c 1998 
650 |a linguistics,vietnamese language - rhetoric 
980 |a Trung tâm Học liệu Trường Đại học Cần Thơ